Fractal geometry, complex dimensions and zeta functions : (Record no. 29306)

000 -LEADER
fixed length control field 00781 a2200205 4500
020 ## - INTERNATIONAL STANDARD BOOK NUMBER
International Standard Book Number 0387332855
020 ## - INTERNATIONAL STANDARD BOOK NUMBER
International Standard Book Number 9780387332857
082 04 - DEWEY DECIMAL CLASSIFICATION NUMBER
Classification number 514.742
090 ## - LOCALLY ASSIGNED LC-TYPE CALL NUMBER (OCLC); LOCAL CALL NUMBER (RLIN)
-- 677
-- 677
100 1# - MAIN ENTRY--PERSONAL NAME
Personal name Lapidus, Michel L.
245 10 - TITLE STATEMENT
Title Fractal geometry, complex dimensions and zeta functions :
Remainder of title geometry and spectra of fractal strings /
Statement of responsibility, etc. Michel L. Lapidus, Machiel van Frankenhuijsen.
250 ## - EDITION STATEMENT
Edition statement 1st ed.
260 ## - PUBLICATION, DISTRIBUTION, ETC.
Place of publication, distribution, etc. [S.l.] :
Name of publisher, distributor, etc. Springer,
Date of publication, distribution, etc. 2006.
300 ## - PHYSICAL DESCRIPTION
Extent 488 p. ;
Dimensions 24 cm.
490 1# - SERIES STATEMENT
Series statement Springer monographs in mathematics.
700 1# - ADDED ENTRY--PERSONAL NAME
Personal name Frankenhuijsen, Machiel van.
830 #0 - SERIES ADDED ENTRY--UNIFORM TITLE
Uniform title Springer monographs in mathematics.
942 ## - ADDED ENTRY ELEMENTS (KOHA)
Institution code [OBSOLETE] SNS
Koha item type Book
Call number prefix 514.742 LAP
Holdings
Withdrawn status Lost status Damaged status Not for loan Permanent Location Current Location Date acquired Total Checkouts Full call number Barcode Date last seen Price effective from Koha item type
        School of Natural Sciences (SNS) School of Natural Sciences (SNS) 05/26/2016   514.742 LAP SNS0000831 11/18/2022 05/26/2016 Book
© 2023 Central Library, National University of Sciences and Technology. All Rights Reserved.